[Event "Wch Blitz (Women)"]
[Site "Warsaw"]
[Date "2021.12.30"]
[Round "12"]
[White "Gil Quilez, Sonia"]
[Black "Wikar, Martyna"]
[Result "0-1"]
[WhiteElo "2122"]
[BlackElo "2168"]
[PlyCount "82"]
[EventDate "2021.12.29"]
[EventType "swiss (blitz)"]
[EventRounds "17"]
[EventCountry "POL"]
[SourceTitle "CBM 205 Extra"]
[Source "ChessBase"]
[SourceDate "2022.01.31"]
[SourceVersion "1"]
[SourceVersionDate "2022.01.31"]
[SourceQuality "1"]

1. d4 Nf6 2. c4 g6 3. Nc3 Bg7 4. e4 d6 5. Nf3 0-0 6. Be2 Nc6 7. 0-0 e5 8. d5 Ne7 9. Ne1 Nd7 10. Be3 f5 11. f3 Rf7 12. Nd3 f4 13. Bf2 g5 14. c5 Ng6 15. Rc1 Bf8 16. cxd6 cxd6 17. Nb5 Nf6 18. Qb3 g4 19. Nxa7 gxf3 20. gxf3 Bh3 21. Rfd1 Nxe4 22. Kh1 Nxf2+ 23. Nxf2 Qh4 24. Nxh3 Qxh3 25. Nb5 Nh4 26. Rg1+ Rg7 27. Rxg7+ Bxg7 28. Rg1 Nf5 29. Bf1 Qh4 30. Rg4 Qe1 31. Qd3 Ne3 32. Rg1 Qf2 33. Qe2 Qh4 34. Nxd6 Rd8 35. Ne4 Rxd5 36. Qc2 Nxc2 37. Bc4 Ne3 38. Bxd5+ Nxd5 39. Rd1 Qh5 40. Kg2 Ne3+ 41. Kf2 Nxd1+ 0-1

[Event "Wch Blitz (Women)"]
[Site "Warsaw"]
[Date "2021.12.29"]
[Round "5"]
[White "Bartel, Marta"]
[Black "Gil Quilez, Sonia"]
[Result "1-0"]
[WhiteElo "2192"]
[BlackElo "2122"]
[PlyCount "57"]
[EventDate "2021.12.29"]
[EventType "swiss (blitz)"]
[EventRounds "17"]
[EventCountry "POL"]
[SourceTitle "CBM 205 Extra"]
[Source "ChessBase"]
[SourceDate "2022.01.31"]
[SourceVersion "1"]
[SourceVersionDate "2022.01.31"]
[SourceQuality "1"]

1. d4 d5 2. Nf3 Nf6 3. Bg5 c6 4. e3 Nbd7 5. Be2 Qb6 6. Qc1 Ne4 7. Bh4 e6 8. 0-0 Bd6 9. c4 dxc4 10. Bxc4 Qc7 11. Nc3 Nef6 12. e4 Bf4 13. Qc2 0-0 14. e5 Ne8 15. Be7 Nb6 16. Bxf8 Nxc4 17. Ne2 Bh6 18. Bb4 a5 19. Qxc4 axb4 20. Qxb4 g6 21. Ng3 Bf8 22. Qc3 Ng7 23. Ne4 Nf5 24. Nf6+ Kh8 25. Ng5 h6 26. Nge4 Ra4 27. Rad1 Rxa2 28. Qh3 Kg7 29. Ne8+ 1-0

[Event "Wch Blitz (Women)"]
[Site "Warsaw"]
[Date "2021.12.29"]
[Round "3"]
[White "Gil Quilez, Sonia"]
[Black "Malicka, Maria"]
[Result "1-0"]
[WhiteElo "2122"]
[BlackElo "2307"]
[PlyCount "77"]
[EventDate "2021.12.29"]
[EventType "swiss (blitz)"]
[EventRounds "17"]
[EventCountry "POL"]
[SourceTitle "CBM 205 Extra"]
[Source "ChessBase"]
[SourceDate "2022.01.31"]
[SourceVersion "1"]
[SourceVersionDate "2022.01.31"]
[SourceQuality "1"]

1. d4 Nf6 2. c4 e6 3. Nc3 Bb4 4. Qc2 d5 5. e3 c5 6. Nf3 Nc6 7. a3 Bxc3+ 8. Qxc3 0-0 9. dxc5 Ne4 10. Qc2 Qa5+ 11. Nd2 Nxd2 12. Bxd2 Qxc5 13. b4 Qb6 14. c5 Qc7 15. Bd3 h6 16. Bc3 e5 17. 0-0 Be6 18. Rad1 a5 19. b5 Ne7 20. Qb2 f6 21. Rc1 e4 22. Be2 Ng6 23. b6 Qd7 24. Bb5 Qe7 25. Bd4 Bd7 26. c6 bxc6 27. Bxc6 Bxc6 28. Rxc6 Rac8 29. Rfc1 Qb7 30. Rc7 Qb8 31. Qb5 Ne5 32. Qxd5+ Kh8 33. Bxe5 fxe5 34. Qd7 Rxc7 35. Rxc7 Rg8 36. b7 a4 37. Rc8 Qa7 38. Rxg8+ Kh7 39. Qxg7# 1-0

[Event "Wch Blitz (Women)"]
[Site "Warsaw"]
[Date "2021.12.29"]
[Round "2"]
[White "Paehtz, Elisabeth"]
[Black "Gil Quilez, Sonia"]
[Result "1-0"]
[WhiteElo "2507"]
[BlackElo "2122"]
[PlyCount "99"]
[EventDate "2021.12.29"]
[EventType "swiss (blitz)"]
[EventRounds "17"]
[EventCountry "POL"]
[SourceTitle "CBM 205 Extra"]
[Source "ChessBase"]
[SourceDate "2022.01.31"]
[SourceVersion "1"]
[SourceVersionDate "2022.01.31"]
[SourceQuality "1"]

1. d4 d5 2. Bf4 Nf6 3. e3 e6 4. Nd2 c5 5. c3 Nc6 6. Ngf3 Be7 7. Bd3 Nh5 8. Be5 Nxe5 9. Nxe5 Nf6 10. 0-0 0-0 11. f4 Nd7 12. Qh5 f5 13. Qh3 Rf6 14. Ndf3 Rh6 15. Qg3 Qf8 16. Nxd7 Bxd7 17. Ne5 Be8 18. Qf2 Qf6 19. h3 Qh4 20. Qxh4 Bxh4 21. Kh2 a6 22. dxc5 Be7 23. b4 g5 24. Nf3 g4 25. Nd4 Kh8 26. a4 Bh5 27. g3 gxh3 28. Be2 Bxe2 29. Nxe2 Rg8 30. Nd4 Rhg6 31. Rg1 Bf6 32. Rad1 Bd8 33. Nf3 a5 34. Ne5 R6g7 35. b5 Rc7 36. c6 bxc6 37. Nxc6 Bf6 38. Rc1 h5 39. Kxh3 Kh7 40. c4 Rd7 41. c5 d4 42. Nxd4 Bxd4 43. exd4 Rxd4 44. c6 Rxa4 45. b6 Ra3 46. b7 h4 47. c7 hxg3 48. c8Q g2+ 49. Kh2 Rg6 50. Rc7+ 1-0

[Event "ESP-chT Rapid"]
[Site "Ciudad Real"]
[Date "2021.10.09"]
[Round "4.3"]
[White "Svane, Rasmus"]
[Black "Gil Quilez, Sonia"]
[Result "1-0"]
[WhiteElo "2625"]
[BlackElo "2122"]
[PlyCount "55"]
[EventDate "2021.10.09"]
[EventType "team-swiss (rapid)"]
[EventRounds "9"]
[EventCountry "ESP"]
[SourceTitle "CBM 204 Extra"]
[Source "ChessBase"]
[SourceDate "2021.11.30"]
[SourceVersion "1"]
[SourceVersionDate "2021.11.30"]
[SourceQuality "1"]
[WhiteTeam "Paterna Andreu"]
[BlackTeam "Beniajan Duochess CAC II"]
[WhiteTeamCountry "ESP"]
[BlackTeamCountry "ESP"]

1. Nf3 Nf6 2. g3 g6 3. Bg2 Bg7 4. 0-0 d5 5. c4 c6 6. Qb3 0-0 7. d4 b6 8. Nc3 Bb7 9. Bf4 dxc4 10. Qxc4 Nd5 11. Nxd5 cxd5 12. Qd3 Ba6 13. Qe3 Nc6 14. Rfc1 Rc8 15. h4 Qd7 16. Kh2 Na5 17. b3 e6 18. h5 Qb5 19. Bf1 Rxc1 20. Rxc1 Rc8 21. h6 Bh8 22. Be5 Rxc1 23. Qxc1 Qd7 24. Bxh8 Kxh8 25. Qf4 f5 26. Qb8+ Bc8 27. Ne5 Qd8 28. Nf7+ 1-0

[Event "Cocentaina op 11th"]
[Site "Cocentaina"]
[Date "2020.10.25"]
[Round "8"]
[White "Garcia Molina, Jose"]
[Black "Gil Quilez, Sonia"]
[Result "0-1"]
[WhiteElo "1672"]
[BlackElo "2083"]
[PlyCount "70"]
[EventDate "2020.10.25"]
[EventType "tourn (blitz)"]
[EventRounds "9"]
[EventCountry "ESP"]
[SourceTitle "EXT 2024"]
[Source "ChessBase"]
[SourceDate "2023.10.10"]
[SourceVersion "1"]
[SourceVersionDate "2023.10.10"]
[SourceQuality "1"]

1. e4 c6 2. d4 d5 3. exd5 cxd5 4. Bd3 Nc6 5. c3 Nf6 6. h3 e6 7. Nf3 Be7 8. 0-0 Qc7 9. Re1 0-0 10. Nbd2 b6 11. Nf1 a5 12. a4 Ba6 13. Bb5 Bxb5 14. axb5 Na7 15. Qd3 Qd7 16. Ne5 Qxb5 17. Qg3 Rfd8 18. Bh6 Ne8 19. Qg4 Bf6 20. Ng3 Nc6 21. Nh5 Bxe5 22. dxe5 g6 23. Bg5 Rdc8 24. Nf6+ Nxf6 25. Bxf6 h6 26. h4 Qc4 27. f4 Qd3 28. Rad1 Qf5 29. Qf3 g5 30. g4 Qg6 31. hxg5 hxg5 32. Re2 Kf8 33. f5 exf5 34. gxf5 g4 35. Qh1 Qg8 0-1

[Event "Cocentaina op 11th"]
[Site "Cocentaina"]
[Date "2020.10.25"]
[Round "2"]
[White "Gil Quilez, Sonia"]
[Black "Granero Roca, Antonio"]
[Result "0-1"]
[WhiteElo "2083"]
[BlackElo "2375"]
[PlyCount "58"]
[EventDate "2020.10.25"]
[EventType "tourn (blitz)"]
[EventRounds "9"]
[EventCountry "ESP"]
[SourceTitle "EXT 2024"]
[Source "ChessBase"]
[SourceDate "2023.10.10"]
[SourceVersion "1"]
[SourceVersionDate "2023.10.10"]
[SourceQuality "1"]

1. d4 Nf6 2. c4 g6 3. Nc3 Bg7 4. e4 0-0 5. Nf3 d6 6. Be2 Bg4 7. 0-0 Nfd7 8. Be3 c5 9. d5 Na6 10. Ne1 Bxe2 11. Qxe2 Nc7 12. Nd3 a6 13. a4 Rb8 14. f4 b5 15. axb5 axb5 16. cxb5 Nxb5 17. Nxb5 Rxb5 18. Ra4 Rb3 19. Qc2 Qb6 20. Rf2 Rb8 21. Ra2 Qb5 22. Rd2 c4 23. Ba7 cxd3 24. Qc7 Rb7 25. Qd8+ Nf8 26. Ra5 Qb4 27. Be3 Bd4 28. Ra8 Bxe3+ 29. Kf1 Rb8 0-1

[Event "Alcoy Tabiya op 9th"]
[Site "Alcoy"]
[Date "2020.09.26"]
[Round "3.1"]
[White "Chernikov, Vladimir"]
[Black "Gil Quilez, Sonia"]
[Result "0-1"]
[WhiteElo "2075"]
[BlackElo "2095"]
[PlyCount "164"]
[EventDate "2020.09.26"]
[EventType "tourn (blitz)"]
[EventRounds "9"]
[EventCountry "ESP"]
[SourceTitle "EXT 2024"]
[Source "ChessBase"]
[SourceDate "2023.10.10"]
[SourceVersion "1"]
[SourceVersionDate "2023.10.10"]
[SourceQuality "1"]

1. d4 d5 2. Nc3 Nf6 3. Bf4 c6 4. e3 g6 5. h4 Bg7 6. h5 gxh5 7. Nf3 Bg4 8. Be2 Nbd7 9. Ne5 Bxe2 10. Qxe2 Nf8 11. 0-0-0 Ng6 12. Bh2 Qc8 13. f3 h4 14. e4 dxe4 15. fxe4 0-0 16. Rdf1 Nxe5 17. Bxe5 Qg4 18. Qe1 Bh6+ 19. Kb1 Bg5 20. Bxf6 exf6 21. Rf5 Rad8 22. Qf2 Qg3 23. Qxg3 hxg3 24. Ne2 Rfe8 25. e5 h6 26. Nxg3 fxe5 27. dxe5 Rd2 28. Ne4 Rxg2 29. a4 Kg7 30. Rhf1 Re7 31. Nd6 Kg6 32. Nxf7 Re6 33. Nd6 Re2 34. Nxb7 R2xe5 35. Rxe5 Rxe5 36. Nd6 Be7 37. Nc4 Re4 38. Rg1+ Bg5 39. Nd2 Rxa4 40. c4 Kf5 41. b3 Rb4 42. Rf1+ Kg6 43. Ne4 Rxb3+ 44. Kc2 Rb7 45. Rd1 Re7 46. Rd6+ Kh5 47. Kd3 Rc7 48. Re6 Kg4 49. c5 a5 50. Kc4 Kf5 51. Re8 Re7 52. Nd6+ Kg4 53. Rc8 a4 54. Rxc6 Ra7 55. Rb6 a3 56. Rb1 Bf6 57. Ne4 Be5 58. Nc3 Rc7 59. Nd5 a2 60. Rg1+ Kf3 61. Nxc7 Bxc7 62. Ra1 h5 63. Rxa2 h4 64. Ra7 Bf4 65. Rh7 Kg3 66. Rg7+ Kf3 67. Rh7 Kg3 68. Kd5 h3 69. Ke4 Bb8 70. Rh8 Ba7 71. c6 Bb6 72. Rg8+ Kf2 73. Rf8+ Kg2 74. Rg8+ Kf2 75. Kf4 h2 76. Ra8 Bc7+ 77. Kg4 h1Q 78. Ra2+ Ke3 79. Ra3+ Kd4 80. Rf3 Qg2+ 81. Kf5 Qxf3+ 82. Ke6 Qxc6+ 0-1

[Event "Alcoy Tabiya op 9th"]
[Site "Alcoy"]
[Date "2020.09.26"]
[Round "7.1"]
[White "Contin, Daniel"]
[Black "Gil Quilez, Sonia"]
[Result "1-0"]
[WhiteElo "2358"]
[BlackElo "2095"]
[PlyCount "109"]
[EventDate "2020.09.26"]
[EventType "tourn (blitz)"]
[EventRounds "9"]
[EventCountry "ESP"]
[SourceTitle "EXT 2024"]
[Source "ChessBase"]
[SourceDate "2023.10.10"]
[SourceVersion "1"]
[SourceVersionDate "2023.10.10"]
[SourceQuality "1"]

1. c4 c6 2. e4 d5 3. exd5 cxd5 4. d4 Nf6 5. Nc3 e6 6. Nf3 Nc6 7. a3 Be7 8. cxd5 Nxd5 9. Bd3 0-0 10. 0-0 a6 11. Bc2 b6 12. Qd3 g6 13. Bh6 Re8 14. Rfe1 Bb7 15. Rad1 Bf8 16. Bg5 Nce7 17. Ne4 Bg7 18. h4 h6 19. Bd2 a5 20. Ba4 Rf8 21. Bb5 Nc7 22. Bc4 Nf5 23. g3 Nd6 24. Nxd6 Qxd6 25. Ne5 b5 26. Ba2 Bd5 27. Bb1 f5 28. Nxg6 Rfd8 29. Bf4 Qd7 30. Rc1 Ne8 31. Ne5 Qb7 32. Kh2 Nf6 33. f3 Nh5 34. Ng6 Kh7 35. Be5 Kxg6 36. Rc7 Qb6 37. g4 Bxe5+ 38. Rxe5 Qxc7 39. gxf5+ Kf6 40. fxe6 Rg8 41. Qf5+ Ke7 42. Qf7+ Kd6 43. Rxd5+ Kc6+ 44. Re5 Qxf7 45. exf7 Rgf8 46. Be4+ Kb6 47. Bxa8 Nf4 48. Rf5 Ne2 49. Rf6+ Ka7 50. Bd5 Nxd4 51. Kg3 Nc2 52. Rg6 Ne3 53. Be6 Nf1+ 54. Kf4 Kb6 55. Rg8 1-0

[Event "Alcoy Tabiya op 9th"]
[Site "Alcoy"]
[Date "2020.09.26"]
[Round "5.1"]
[White "Gavarrete, Nahun"]
[Black "Gil Quilez, Sonia"]
[Result "1-0"]
[WhiteElo "2196"]
[BlackElo "2095"]
[PlyCount "105"]
[EventDate "2020.09.26"]
[EventType "tourn (blitz)"]
[EventRounds "9"]
[EventCountry "ESP"]
[SourceTitle "EXT 2024"]
[Source "ChessBase"]
[SourceDate "2023.10.10"]
[SourceVersion "1"]
[SourceVersionDate "2023.10.10"]
[SourceQuality "1"]

1. e4 c6 2. c4 d5 3. exd5 cxd5 4. cxd5 Qxd5 5. Nc3 Qa5 6. Nf3 Nf6 7. d4 a6 8. Bc4 e6 9. 0-0 Be7 10. Re1 Nc6 11. d5 exd5 12. Nxd5 Nxd5 13. Bxd5 Qc7 14. Ng5 0-0 15. Qh5 Bxg5 16. Bxg5 Bf5 17. Rac1 Bg6 18. Qf3 Qb6 19. b3 Nb4 20. Be7 Rfe8 21. Bxb7 Rab8 22. Bd5 Nd3 23. Bc6 Nxe1 24. Rxe1 Rec8 25. Ba4 Qa5 26. Rd1 Rc3 27. Qf4 Rbc8 28. h3 Qc7 29. Bd6 Qb6 30. Be5 Rc2 31. a3 Rf8 32. Bd4 Qc7 33. Qe3 h6 34. b4 Rc4 35. Bb3 Rc6 36. Bc5 Rd8 37. Re1 Rc8 38. Bd5 Rf6 39. Bd4 Rf5 40. Bb7 Rb8 41. Bxa6 Ra8 42. Bb5 Rxb5 43. Bc5 Rbb8 44. Rd1 Qc6 45. Rd6 Qa4 46. Bd4 Qxa3 47. Qe5 f6 48. Qd5+ Kh7 49. Rd7 Qc1+ 50. Kh2 Qf4+ 51. g3 Qf5 52. Qc6 Rxb4 53. g4 1-0

[Event "ESP-ch 85th"]
[Site "Linares"]
[Date "2020.09.05"]
[Round "6"]
[White "Aledo Yanguas, Javier"]
[Black "Gil Quilez, Sonia"]
[Result "0-1"]
[WhiteElo "2005"]
[BlackElo "2151"]
[PlyCount "116"]
[EventDate "2020.08.31"]
[EventType "swiss"]
[EventRounds "9"]
[EventCountry "ESP"]
[SourceTitle "EXT 2021"]
[Source "ChessBase"]
[SourceDate "2020.10.23"]
[SourceVersion "1"]
[SourceVersionDate "2020.10.23"]
[SourceQuality "1"]

1. e4 e6 2. d4 d5 3. Bd3 dxe4 4. Bxe4 Nf6 5. Bf3 c5 6. Ne2 Nc6 7. Be3 cxd4 8. Nxd4 Ne5 9. Nc3 Be7 10. Ndb5 Nxf3+ 11. gxf3 Bd7 12. Nd6+ Bxd6 13. Qxd6 Bc6 14. Qe5 Qb8 15. Qg5 0-0 16. 0-0-0 Rd8 17. Bd4 h6 18. Qe3 Nh5 19. Rhg1 Kh7 20. Rg4 e5 21. Bxe5 Rxd1+ 22. Nxd1 Qe8 23. Qd3+ g6 24. Bd4 Rd8 25. c3 Qe6 26. b3 Qd5 27. Re4 Qg5+ 28. Re3 Nf4 29. Qd2 Ng2 30. Rd3 Ne1 31. Re3 Nxf3 32. Qd3 Nxd4 33. cxd4 Qf4 34. Nc3 Rxd4 35. Ne2 Rxd3 36. Nxf4 Rxe3 37. fxe3 Kg7 38. Kd2 g5 39. Ne2 h5 40. Nd4 Be4 41. Ke2 g4 42. Kf2 Kg6 43. Kg3 Kg5 44. Nb5 h4+ 45. Kf2 a6 46. Nd6 f5 47. b4 Kf6 48. a4 Ke6 49. Nc4 Bd5 50. Nb2 Be4 51. Nc4 Kd5 52. Nb6+ Kc6 53. Nc4 b5 54. axb5+ Kxb5 55. Ne5 Kxb4 56. Ng6 h3 57. Nf4 a5 58. Ne2 a4 0-1

[Event "ESP-ch rapid"]
[Site "Linares"]
[Date "2019.08.24"]
[Round "5"]
[White "Gil Quilez, Sonia"]
[Black "Lopez del Alamo, Antonio"]
[Result "1-0"]
[WhiteElo "2102"]
[BlackElo "2276"]
[PlyCount "152"]
[EventDate "2019.08.24"]
[EventType "swiss (rapid)"]
[EventRounds "9"]
[EventCountry "ESP"]
[SourceTitle "EXT 2020"]
[Source "ChessBase"]
[SourceDate "2019.10.17"]
[SourceVersion "1"]
[SourceVersionDate "2019.10.17"]
[SourceQuality "1"]

1. d4 Nf6 2. c4 g6 3. Nc3 Bg7 4. e4 d6 5. Nf3 0-0 6. Be2 Na6 7. 0-0 e5 8. Be3 Ng4 9. Bg5 Qe8 10. h3 Nf6 11. dxe5 dxe5 12. Qc2 Nd7 13. Nd5 f6 14. Be3 c6 15. Nc3 Ndc5 16. a3 Ne6 17. Qc1 f5 18. Ng5 f4 19. Nxe6 Bxe6 20. Bd2 h5 21. f3 g5 22. Nd1 Rf7 23. Nf2 Bf8 24. b4 Rg7 25. c5 Nc7 26. Bc4 Nb5 27. Bxe6+ Qxe6 28. Qb2 Rd8 29. Rad1 a5 30. Bc3 axb4 31. axb4 Ra8 32. Ra1 Re8 33. Rfd1 Rg6 34. Be1 Re7 35. Ra8 Re8 36. Rxe8 Qxe8 37. Bc3 Bg7 38. Qd2 Re6 39. Bb2 Re7 40. Qd8 Kf7 41. Qa5 Rd7 42. Qa2+ Kf8 43. Qb3 Qd8 44. Rxd7 Qxd7 45. Qd1 Qe7 46. Qa1 Kg8 47. Qa8+ Kh7 48. Qc8 Nd4 49. Nd3 Qf7 50. Bxd4 exd4 51. e5 Qg6 52. Nf2 Bxe5 53. Ne4 Bg7 54. Qd8 Kh6 55. Qd7 g4 56. hxg4 hxg4 57. Qc7 Qf5 58. Qd6+ Kh7 59. Qd8 g3 60. Qh4+ Kg6 61. Qd8 Qe5 62. Qd6+ Kh7 63. Qxe5 Bxe5 64. Kf1 Kg6 65. Ke2 Kf7 66. Kd3 Ke6 67. Kc4 Bg7 68. Nd2 d3 69. Kxd3 Kd5 70. Nc4 Bd4 71. Nb6+ Ke5 72. Nc8 Be3 73. Nd6 b6 74. Nc4+ Ke6 75. Nxe3 fxe3 76. cxb6 Kd5 1-0

[Event "ESP-ch rapid"]
[Site "Linares"]
[Date "2019.08.24"]
[Round "9"]
[White "Rodriguez del Cerro, Ricardo"]
[Black "Gil Quilez, Sonia"]
[Result "1-0"]
[WhiteElo "2184"]
[BlackElo "2102"]
[PlyCount "65"]
[EventDate "2019.08.24"]
[EventType "swiss (rapid)"]
[EventRounds "9"]
[EventCountry "ESP"]
[SourceTitle "EXT 2020"]
[Source "ChessBase"]
[SourceDate "2019.10.17"]
[SourceVersion "1"]
[SourceVersionDate "2019.10.17"]
[SourceQuality "1"]

1. Nf3 Nf6 2. c4 c6 3. Nc3 d5 4. e3 e6 5. b3 Nbd7 6. Qc2 Be7 7. Bb2 0-0 8. Be2 a6 9. Rg1 e5 10. g4 e4 11. Nd4 Ne5 12. g5 Nfg4 13. f3 exf3 14. Nxf3 Nxf3+ 15. Bxf3 Nxh2 16. Be2 d4 17. exd4 Qd7 18. 0-0-0 Qh3 19. Bd3 g6 20. d5 Bg4 21. Ne4 Bxd1 22. Qc3 f6 23. gxf6 Bb4 24. f7+ Kxf7 25. Ng5+ Ke8 26. Qe5+ Kd8 27. Ne6+ Qxe6 28. Qxe6 Bg4 29. Rxg4 Nxg4 30. Qxg4 Bd6 31. Qe6 Kc7 32. Be5 Rfd8 33. Qe7+ 1-0

[Event "ESP-chT CECLUB Div2"]
[Site "Linares"]
[Date "2019.08.23"]
[Round "7.8"]
[White "Gil Quilez, Sonia"]
[Black "Beaumont Arizaleta, Mikel"]
[Result "1-0"]
[WhiteElo "2102"]
[BlackElo "1754"]
[PlyCount "135"]
[EventDate "2019.08.19"]
[EventType "team-swiss"]
[EventRounds "7"]
[EventCountry "ESP"]
[SourceTitle "EXT 2020"]
[Source "ChessBase"]
[SourceDate "2019.10.17"]
[SourceVersion "1"]
[SourceVersionDate "2019.10.17"]
[SourceQuality "1"]
[WhiteTeam "Beniajan Duochess CAC II"]
[BlackTeam "San Juan"]
[WhiteTeamCountry "ESP"]
[BlackTeamCountry "ESP"]

1. d4 Nf6 2. c4 c5 3. d5 b5 4. cxb5 a6 5. bxa6 g6 6. Nc3 Bg7 7. e4 0-0 8. a7 Rxa7 9. Nf3 d6 10. Be2 Bg4 11. Nd2 Bxe2 12. Qxe2 Nbd7 13. Nc4 Qa8 14. 0-0 Rb7 15. a3 Rb3 16. Qc2 Rfb8 17. Bd2 Qa6 18. Nd1 Ng4 19. Na5 R3b6 20. Nc6 Re8 21. Ba5 Rb7 22. Rb1 Nxh2 23. Re1 Ng4 24. b4 Nge5 25. Nxe5 Nxe5 26. Ne3 Rc8 27. Red1 h5 28. f4 Nd7 29. Kf2 Rbb8 30. Qe2 Qxe2+ 31. Kxe2 cxb4 32. axb4 Nf6 33. Kd3 Nd7 34. Rdc1 Bh6 35. g3 h4 36. Ng4 Bg7 37. gxh4 Kh7 38. Rc6 Nf6 39. Nxf6+ Bxf6 40. Rbc1 Rh8 41. Kc4 Kg7 42. b5 Rxh4 43. Rf1 Rh3 44. Bd2 Ra3 45. b6 Ra2 46. Bb4 Re2 47. Re1 Rf2 48. Kb5 Rb2 49. e5 dxe5 50. fxe5 Bg5 51. Re4 Bd2 52. d6 exd6 53. exd6 g5 54. Rcc4 f5 55. Re7+ Kg6 56. b7 g4 57. Kc5 g3 58. Bxd2 Rxd2 59. Kc6 Rb2 60. Rc7 g2 61. Rc1 f4 62. d7 f3 63. Rc8 R8xb7 64. Rg8+ Kf5 65. d8Q R7b6+ 66. Qxb6 Rxb6+ 67. Kxb6 Kf4 68. Rg1 1-0

[Event "Iberoamerican-ch 7th"]
[Site "Linares"]
[Date "2019.08.17"]
[Round "8"]
[White "Gomez Barrera, Javiera Belen"]
[Black "Gil Quilez, Sonia"]
[Result "0-1"]
[WhiteElo "2156"]
[BlackElo "2102"]
[PlyCount "124"]
[EventDate "2019.08.10"]
[EventType "swiss"]
[EventRounds "9"]
[EventCountry "ESP"]
[SourceTitle "CBM 191 Extra"]
[Source "ChessBase"]
[SourceDate "2019.09.30"]
[SourceVersion "1"]
[SourceVersionDate "2019.09.30"]
[SourceQuality "1"]

1. e4 e6 2. d4 d5 3. Nc3 Nf6 4. e5 Nfd7 5. Nce2 c5 6. f4 Nc6 7. c3 cxd4 8. cxd4 f6 9. Nf3 Bb4+ 10. Bd2 Qb6 11. a3 Bxd2+ 12. Qxd2 0-0 13. b4 a5 14. b5 Qxb5 15. Nc3 Qb6 16. Rb1 Qd8 17. h4 fxe5 18. fxe5 h6 19. Nb5 Rb8 20. Bd3 Qe8 21. h5 Qf7 22. Rh4 Kh8 23. Nd6 Qe7 24. Rg4 Rxf3 25. gxf3 Ndxe5 26. dxe5 Nxe5 27. Nxc8 Qxa3 28. Be2 Nxg4 29. Qc1 Qxc1+ 30. Rxc1 Nf6 31. f4 b5 32. Nd6 b4 33. Rb1 Kg8 34. Kd1 Kf8 35. Kc2 Ke7 36. Nb5 Nxh5 37. Na7 Rb7 38. Nc6+ Kd6 39. Nxa5 Rc7+ 40. Kd2 Nxf4 41. Bf1 Ra7 42. Rxb4 Rxa5 43. Rxf4 g5 44. Rf6 Ra2+ 45. Ke3 Rh2 46. Kf3 Ke5 47. Rg6 Rh4 48. Kg3 Rf4 49. Be2 Rf6 50. Rxf6 Kxf6 51. Kg4 Ke5 52. Bd1 Ke4 53. Bc2+ Kd4 54. Kh5 e5 55. Bd1 Ke4 56. Kxh6 Kf4 57. Kg6 g4 58. Be2 g3 59. Bf1 e4 60. Bg2 d4 61. Kh5 d3 62. Bf1 d2 0-1

[Event "Iberoamerican-ch 7th"]
[Site "Linares"]
[Date "2019.08.15"]
[Round "6"]
[White "Lacayo, Rene"]
[Black "Gil Quilez, Sonia"]
[Result "1-0"]
[WhiteElo "2274"]
[BlackElo "2102"]
[PlyCount "93"]
[EventDate "2019.08.10"]
[EventType "swiss"]
[EventRounds "9"]
[EventCountry "ESP"]
[SourceTitle "CBM 191 Extra"]
[Source "ChessBase"]
[SourceDate "2019.09.30"]
[SourceVersion "1"]
[SourceVersionDate "2019.09.30"]
[SourceQuality "1"]

1. Nf3 d5 2. c4 e6 3. e3 Nf6 4. Nc3 Nbd7 5. Qc2 a6 6. b3 Bd6 7. Bb2 c5 8. Be2 b6 9. 0-0 0-0 10. d4 Bb7 11. Rad1 cxd4 12. Rxd4 Qc7 13. cxd5 Bxd5 14. Rc1 Qb8 15. Nxd5 Nxd5 16. e4 N5f6 17. Rxd6 Qxd6 18. e5 Qe7 19. exf6 Nxf6 20. Ng5 Rfc8 21. Qxc8+ Rxc8 22. Rxc8+ Ne8 23. Bxa6 Qd7 24. Nf3 f6 25. Rc1 Nc7 26. Bf1 e5 27. Bc4+ Kf8 28. a4 g6 29. h3 Ne6 30. Re1 Nf4 31. Bc1 Qf5 32. Bxf4 Qxf4 33. Rd1 Ke7 34. Nh2 h5 35. Nf1 e4 36. Ne3 Qe5 37. Nd5+ Kf8 38. Nxb6 Kg7 39. Nd5 f5 40. a5 f4 41. a6 e3 42. fxe3 fxe3 43. Re1 e2 44. Rxe2 Qd4+ 45. Kh2 h4 46. a7 Qa1 47. Re8 1-0

[Event "Iberoamerican-ch 7th"]
[Site "Linares"]
[Date "2019.08.14"]
[Round "5"]
[White "Gil Quilez, Sonia"]
[Black "Torres Sanchez, Jose"]
[Result "1-0"]
[WhiteElo "2102"]
[BlackElo "2304"]
[PlyCount "40"]
[EventDate "2019.08.10"]
[EventType "swiss"]
[EventRounds "9"]
[EventCountry "ESP"]
[SourceTitle "CBM 191 Extra"]
[Source "ChessBase"]
[SourceDate "2019.09.30"]
[SourceVersion "1"]
[SourceVersionDate "2019.09.30"]
[SourceQuality "1"]

1. d4 g6 2. c4 Bg7 3. Nf3 Nf6 4. Nc3 0-0 5. e4 c5 6. d5 e6 7. Bd3 d6 8. h3 exd5 9. cxd5 a6 10. a4 Nbd7 11. 0-0 Qe7 12. Re1 Nh5 13. Bg5 Bf6 14. Be3 Ne5 15. Be2 Kh8 16. Nxe5 Bxe5 17. Bxh5 gxh5 18. Qxh5 Rg8 19. f4 Bxc3 20. bxc3 Qxe4 1-0

[Event "Tabiya Alcoy U2200 op-B 8th"]
[Site "Alcoy"]
[Date "2019.07.14"]
[Round "7"]
[White "Navarro Diaz, Carles"]
[Black "Gil Quilez, Sonia"]
[Result "0-1"]
[WhiteElo "2071"]
[BlackElo "2077"]
[PlyCount "94"]
[EventDate "2019.07.12"]
[EventType "swiss"]
[EventRounds "7"]
[EventCountry "ESP"]
[SourceTitle "EXT 2021"]
[Source "ChessBase"]
[SourceDate "2020.10.23"]
[SourceVersion "1"]
[SourceVersionDate "2020.10.23"]
[SourceQuality "1"]

1. e4 c6 2. d4 d5 3. f3 dxe4 4. fxe4 e5 5. Nf3 exd4 6. Bc4 Nf6 7. 0-0 Be7 8. e5 Nd5 9. Nxd4 0-0 10. Kh1 Bc5 11. Nb3 Bb6 12. Qh5 Be6 13. Bd3 g6 14. Qh6 Qc7 15. Bg5 Qxe5 16. c4 Be3 17. Bxe3 Qxe3 18. Qxe3 Nxe3 19. Rf4 Rd8 20. Rd4 Rxd4 21. Nxd4 Bxc4 22. Bxc4 Nxc4 23. Nc3 Nd7 24. Rd1 Nf6 25. b3 Nb6 26. Rf1 Kg7 27. h3 Rd8 28. Nf3 Rd3 29. Ne2 Nbd5 30. Kg1 Re3 31. Ned4 a6 32. Nd2 c5 33. N4f3 Nc3 34. Nc4 Re2 35. Nd6 b6 36. a4 h6 37. g4 Re6 38. Nb7 Nfe4 39. Kg2 Re8 40. a5 Rb8 41. axb6 Rxb7 42. Ne5 Nd6 43. Rc1 Nce4 44. Nc4 Nxc4 45. Rxc4 Nd6 46. Rxc5 Rxb6 47. Ra5 Nb7 0-1

[Event "Tabiya Alcoy U2200 op-B 8th"]
[Site "Alcoy"]
[Date "2019.07.13"]
[Round "3"]
[White "Gil Quilez, Sonia"]
[Black "Lopez Shchukina, Diego"]
[Result "1-0"]
[WhiteElo "2077"]
[BlackElo "1900"]
[PlyCount "77"]
[EventDate "2019.07.12"]
[EventType "swiss"]
[EventRounds "7"]
[EventCountry "ESP"]
[SourceTitle "EXT 2021"]
[Source "ChessBase"]
[SourceDate "2020.10.23"]
[SourceVersion "1"]
[SourceVersionDate "2020.10.23"]
[SourceQuality "1"]

1. d4 d5 2. c4 e6 3. Nc3 Nf6 4. Bg5 Be7 5. Nf3 0-0 6. e3 Nbd7 7. Rc1 b6 8. cxd5 Nxd5 9. Nxd5 exd5 10. Bxe7 Qxe7 11. Rxc7 Qd6 12. Rc1 Nf6 13. Be2 Bf5 14. 0-0 Ne4 15. Qa4 Rfd8 16. Rc6 Qb8 17. Qb4 Bd7 18. Rcc1 a5 19. Qe7 Ra7 20. Qe5 Qb7 21. Qh5 f6 22. Rc2 Be8 23. Qh4 Rd6 24. Nd2 Nxd2 25. Rxd2 Bg6 26. Bf3 Qc8 27. Qf4 Rd8 28. Bg4 Qc6 29. Bf5 Re7 30. Rc2 Qb5 31. Rc7 Rxc7 32. Qxc7 Re8 33. Bd7 Re7 34. Qd8+ Re8 35. Bxe8 Bxe8 36. Rc1 Kf7 37. Rc7+ Kg6 38. Qe7 Qe2 39. Qxe8+ 1-0